On Conceptual Modeling : Perspectives from Artificial Intelligence, Databases, and Programming Languages

Salvato in:
Dettagli Bibliografici
Altri autori: Brodie, M.L (Redattore), Mylopoulos, John (Redattore), Schmidt, Joachim (Redattore)
Natura: Libro
Lingua:inglese
Pubblicazione: New York : Springer Verlag , 1984
Tags: Aggiungi Tag
Nessun Tag, puoi essere il primo ad aggiungerne!!

MARC

LEADER 00000nam a22000003a 4500
001 stu265819
005 20190206105042.5
008 130424s--------xxu-----------------eng-d
020 |a 0-387-90842-0 
040 |a STU  |b slo 
041 0 |a eng 
044 |a xxu 
100 1 |a Brodie, M.L  |4 edt 
245 1 |a On Conceptual Modeling :  |b Perspectives from Artificial Intelligence, Databases, and Programming Languages 
260 |a New York :  |b Springer Verlag ,  |c 1984 
300 |a 510 s 
700 1 |a Mylopoulos, John  |4 edt 
700 1 |a Schmidt, Joachim  |4 edt 
996 |c I*15MS2940  |l II680  |s P  |a 0  |w stu265819_0001